| 000 | 00523nam a2200157 a 4500 | ||
|---|---|---|---|
| 001 | 000032152 | ||
| 005 | 20200930063456.0 | ||
| 008 | 110713s1991 dr a 000 0 spa d | ||
| 040 |
_aDO-SdBNP _bspa _cBNPHU |
||
| 082 |
_axxxx _bR426r |
||
| 110 | 1 |
_aRepública Dominicana. _bInstituto Nacional de Formación Técnico Profesional _954362 |
|
| 245 | 1 | 0 |
_aRama técnica : _bmaderas y afines familia ocupacional: muebles de madera. |
| 260 |
_aSanto Domingo : _bINFOTEP, _c1991. |
||
| 300 |
_a9 p. : _bil. ; _c20 cm. |
||
| 049 | _aBNPD | ||
| 999 |
_c31643 _d31643 |
||